• 首页
  • 本馆介绍
  • 公告通知
  • 最新文献
  • 馆藏检索
  • 电子资源
  • 读者导购
  • 参考咨询
  • 我的图书馆
  • 登录
  • 详细信息显示
  • 放入我的书架
  • 预约/预借图书
  • 作者相关作品
  • 分类相关作品
  • 丛书相关作品
  • 出版社相关作品

书目信息

  • 表格格式
  • 工作单格式
  • 卡片格式
题名:
欧洲电影分析
    
 
作者: 李迅 , 祝虹 主编
分册:  
出版信息: 北京   中国广播电视出版社  2007
页数: 314页
开本: 24cm
丛书名:
单 册:
中图分类: J905.5-53
科图分类:
主题词: 电影评论--欧洲--文集
电子资源:
ISBN: 978-7-5043-5186-9
000 00809nam0 2200241 450
001 010012007011786
005 20070801171714.84
010    @a978-7-5043-5186-9@dCNY41.00@z7-5043-5186-5
100    @a20070214d2007 em y0chiy0110 ea
101 0  @achi
102    @aCN@b110000
105    @ay z 000yy
200 1  @a欧洲电影分析@9ou zhou dian ying fen xi@f李迅,祝虹主编
210    @a北京@c中国广播电视出版社@d2007
215    @a314页@d24cm
300    @a影片分析系列教程
330    @a本书内容包括:《卡里加里博士的小屋》:疯狂的臆想与暧昧的世界;《母亲》:诗意社会主义的艺术宣言;《红菱艳》:舞影悲情艺术梦等。
606 0  @a电影评论@y欧洲@j文集
690    @aJ905.5-53@v4
701  0 @a李迅@9li xun@4主编
701  0 @a祝虹@9zhu hong@4主编
801  0 @aCN@bRENTIAN@c20070801
905    @a10447@dJ905.5-53@e216
    
    欧洲电影分析/李迅,祝虹主编.-北京:中国广播电视出版社,2007
    314页;24cm
    影片分析系列教程
    
    ISBN 978-7-5043-5186-9:CNY41.00
    本书内容包括:《卡里加里博士的小屋》:疯狂的臆想与暧昧的世界;《母亲》:诗意社会主义的艺术宣言;《红菱艳》:舞影悲情艺术梦等。
●
相关链接 在E读中查询图书 在五车中查询图书 在当当中查询图书 在豆瓣中查询图书


正题名:欧洲电影分析     索取号:J905.5-53/216         预约/预借

序号 登录号 条形码 馆藏地/架位号 状态 备注
1 0800419   208004194   第一样本阅览室/ [索取号:J905.5-53/216] 在馆    
2 0800420   208004201   第一借阅区/ [索取号:J905.5-53/216] 在馆    
3 0800421   208004210   第一借阅区/ [索取号:J905.5-53/216] 在馆    
4 0800422   208004229   第一借阅区/ [索取号:J905.5-53/216] 在馆    
5 0800423   208004238   第一借阅区/ [索取号:J905.5-53/216] 在馆    
6 0800424   208004247   第一借阅区/ [索取号:J905.5-53/216] 在馆    
唐山师范学院图书馆 欢迎您!
大连网信软件有限公司© 版权所有